000 00637nam a22002177a 4500
003 UA-OsUOA
001 42315
007 ta
008 20061101b un ||||| |||| 00| 0 ukr d
090 _a94(477.46)(085)
_bЧ-48
942 _cBK
040 _aUA-OsUOA
_bukr
_cUA-OsUOA
_dUA-OsUOA
245 _aЧеркащина - серце України
_bЮвілейний презентаційно-іміджевий каталог
300 _a399 с.
955 _a1
041 _aukr
080 _a94(477.46)(085)
260 _aК.
_c2004
650 7 _a9 Географія. Біографії. Історія
_2UDC
999 _c328440
_d328440